Vybrané aspekty zdaňovania príjmov a spotreby v SR a v EÚ diplomová práca

Gespeichert in:
Bibliographische Detailangaben
1. Verfasser: Popovičová, Simona
Körperschaft: Národohospodárska fakulta EU. Katedra financií
Weitere Verfasser: Rabatinová, Marcela, 1977-
Format: Buch
Sprache:Slowakisch
Veröffentlicht: Bratislava 2012
Tags: Tag hinzufügen
Keine Tags, Fügen Sie das erste Tag hinzu!

MARC

LEADER 00000nbm a2200000 4500
001 0152108
005 20161109102010.9
041 0 |a slo 
044 |a SK 
245 1 0 |a Vybrané aspekty zdaňovania príjmov a spotreby v SR a v EÚ  |b diplomová práca  |c Simona Popovičová ; školiteľ: Marcela Rabatinová 
264 1 |a Bratislava  |c 2012 
300 |a 70 s. 
100 1 |a Popovičová, Simona 
700 1 |a Rabatinová, Marcela, 1977- 
710 2 |a Národohospodárska fakulta EU. Katedra financií